01363 2200289 4500001002100000005001500021035002000036008004100056020001500097041000800112082001100120084001700131100001700148245008300165250001300248260003400261300002400295504001700319520053700336650003400873650003100907650003900938990002400977990002401001990002401025990002401049INLIS00000000000026820221013083926 a0010-0520000268221013 | | ind  a9795268597 aind a300.72 a300.72 NUR m0 aNurul Zuriah1 aMetodologi Penelitian Sosial dan Pendidikan : Teori - Aplikasi /cNurul Zuriah aCet ke-3 aJakarta :bBumi Aksara,c2009 aix, 291 p. ;c23 cm ap. 287 - 290 aBuku ini cenderung menekankan pada konsep dasar penelitian di bidang sosial-pendidikan yang disertai contoh aplikasi dan ringkasan sederhana sehingga pembaca diharapkan dapat langsung menerapkannya dalam penelitian yang akan ditekuninya. Secara garis besar buku ini memberikan pemahaman tentang penelitian di bidang pendidikan dan sosial beserta seluk-beluk pelaksanaannya. Keseluruhan materi (dalam perspektif Teori-Aplikasi) disajikan secara integral dan konprehensif dan holistis dalam sebuah wacana penelitian sosial-pendidikan. 4aSocial sciences - Methodology 4aSocial sciences - Research 4aEducation - Research - Methodology a17475/MKRI-P/X-2010 a17476/MKRI-P/X-2010 a17477/MKRI-P/X-2010 a17478/MKRI-P/X-2010